| 000 | 00504cam a2200181 4500 | ||
|---|---|---|---|
| 020 | _a0070840385 | ||
| 040 | _cDLC | ||
| 082 | 0 | 0 | _a581 MCG 1974 A081 Or. |
| 100 | 1 | _aSmith, H. | |
| 245 | 1 | 0 |
_aPhytochrome and photomorphogenesis; _ban introduction to the photocontrol of plant development. |
| 260 |
_aLondon, _aNew York, _bMcGraw-Hill _c[1974] |
||
| 300 |
_axiii, 234 p. _billus. _c26 cm. |
||
| 650 | 0 | _aPlants | |
| 650 | 0 | _aPhytochrome. | |
| 650 | 2 | _aPhotochemistry. | |
| 650 | 2 | _aPlants | |
| 942 | _cEK | ||
| 999 |
_c15782 _d15782 |
||